Quarterly report on individual aid commitments - 1997/1 december 1996 to february 1997

Gespeichert in:
Bibliographische Detailangaben
Format: Buch
Sprache:Englisch
Französisch
Veröffentlicht: Paris OECD 1997
Schlagworte:
Tags: Tag hinzufügen
Keine Tags, Fügen Sie das erste Tag hinzu!

MARC

LEADER 00000nam a2200000 4500
001 c119321
005 20240104114801.6
020 |a 92-64-05249-6 
022 |a 1023-8875 
041 0 |a eng 
041 0 |a fre 
044 |a FR 
245 1 0 |a Quarterly report on individual aid commitments - 1997/1  |b december 1996 to february 1997 
264 1 |a Paris  |b OECD  |c 1997 
300 |a 189 s. 
610 2 0 |a pomoc hospodárska 
610 2 0 |a pomoc medzinárodná 
610 2 0 |a pomoc rozvojová 
610 2 0 |a záväzky 
610 2 0 |a záväzky hospodárske 
610 2 0 |a OECD